Normal view MARC view

Entry Personal Name

Number of records used in: 1

001 - CONTROL NUMBER

  • control field: 1192319

003 - CONTROL NUMBER IDENTIFIER

  • control field: OSt

005 - DATE AND TIME OF LATEST TRANSACTION

  • control field: 20260324133233.0

008 - FIXED-LENGTH DATA ELEMENTS

  • fixed length control field: 260324|| aca||aabn | a|a d

040 ## - CATALOGING SOURCE

  • Original cataloging agency: OSt
  • Transcribing agency: OSt

100 ## - HEADING--PERSONAL NAME

  • Personal name: Tara Goldstein; Judith Ngan; Gordon Pon; Timothy Chiu

670 ## - SOURCE DATA FOUND

  • Source citation: Work cat.: (OSt)1791191: Tara Goldstein; Judith Ngan; Gordon Pon; Timothy Chiu, Teaching and Learning in a Multilingual School
Copyright @ Delhi University Library System